<?xml version="1.0" encoding="UTF-8"?>
<record
    xmlns:xsi="http://www.w3.org/2001/XMLSchema-instance"
    xsi:schemaLocation="http://www.loc.gov/MARC21/slim http://www.loc.gov/standards/marcxml/schema/MARC21slim.xsd"
    xmlns="http://www.loc.gov/MARC21/slim">

  <leader>03343nam a22007457a 4500</leader>
  <controlfield tag="003">AR-RoUNA</controlfield>
  <controlfield tag="005">20251013085831.0</controlfield>
  <controlfield tag="008">251008b        |||||||| |||| 00| 0 spa d</controlfield>
  <datafield tag="020" ind1=" " ind2=" ">
    <subfield code="a">9783897736610</subfield>
  </datafield>
  <datafield tag="040" ind1=" " ind2=" ">
    <subfield code="a">AR-RoUNA</subfield>
    <subfield code="b">spa</subfield>
    <subfield code="d">AR-RoUNA</subfield>
  </datafield>
  <datafield tag="041" ind1=" " ind2=" ">
    <subfield code="a">spa</subfield>
  </datafield>
  <datafield tag="044" ind1=" " ind2=" ">
    <subfield code="a">ag</subfield>
  </datafield>
  <datafield tag="100" ind1="1" ind2=" ">
    <subfield code="a">Beeck, Clemens</subfield>
    <subfield code="9">27499</subfield>
  </datafield>
  <datafield tag="245" ind1="1" ind2="0">
    <subfield code="a">Daniel Libeskind y El Museo Jud&#xED;o /</subfield>
    <subfield code="c">Clemens Beeck; fotograf&#xED;a de Gunter Schneider</subfield>
  </datafield>
  <datafield tag="250" ind1=" " ind2=" ">
    <subfield code="a">1a. ed.</subfield>
  </datafield>
  <datafield tag="260" ind1=" " ind2=" ">
    <subfield code="a">Berl&#xED;n (Alemania) :</subfield>
    <subfield code="b">Jaron Verlag GmbH,</subfield>
    <subfield code="c">2011.</subfield>
  </datafield>
  <datafield tag="300" ind1=" " ind2=" ">
    <subfield code="a">96 p.:</subfield>
    <subfield code="b">fot. col.</subfield>
    <subfield code="c">22x13 cm</subfield>
  </datafield>
  <datafield tag="505" ind1="0" ind2=" ">
    <subfield code="t">CONTENIDO</subfield>
  </datafield>
  <datafield tag="505" ind1="0" ind2=" ">
    <subfield code="t">La arquitectura con la cuarta dimensi&#xF3;n. p. 14</subfield>
  </datafield>
  <datafield tag="505" ind1="0" ind2=" ">
    <subfield code="t">El Arquitecto. p. 18</subfield>
  </datafield>
  <datafield tag="505" ind1="0" ind2=" ">
    <subfield code="a">Los a&#xF1;os berlineses de Daniel Libeskind. p.18</subfield>
  </datafield>
  <datafield tag="505" ind1="0" ind2=" ">
    <subfield code="a">Los proyectos de Libeskind. p. 20</subfield>
  </datafield>
  <datafield tag="505" ind1="0" ind2=" ">
    <subfield code="a">El estilo de Libeskind. p. 24</subfield>
  </datafield>
  <datafield tag="505" ind1="0" ind2=" ">
    <subfield code="a">La tradicion berlinesa y sus arquetipo. p. 26</subfield>
  </datafield>
  <datafield tag="505" ind1="0" ind2=" ">
    <subfield code="t">El Museo Jud&#xED;o Berl&#xED;n - La arquitectura. p. 30</subfield>
  </datafield>
  <datafield tag="505" ind1="0" ind2=" ">
    <subfield code="a">La historia del Museo Jud&#xED;o. p. 30</subfield>
  </datafield>
  <datafield tag="505" ind1="0" ind2=" ">
    <subfield code="a">El antiguo edificio. p. 31</subfield>
  </datafield>
  <datafield tag="505" ind1="0" ind2=" ">
    <subfield code="a">Di&#xE1;logo entre lo antiguo y lo nuevo. p. 33</subfield>
  </datafield>
  <datafield tag="505" ind1="0" ind2=" ">
    <subfield code="a">El jard&#xED;n del Museo. p. 37</subfield>
  </datafield>
  <datafield tag="505" ind1="0" ind2=" ">
    <subfield code="a">El nuevo edificio del Museo Jud&#xED;o. p. 39</subfield>
  </datafield>
  <datafield tag="505" ind1="0" ind2=" ">
    <subfield code="a">Los pasillos subterr&#xE1;neos. p. 46</subfield>
  </datafield>
  <datafield tag="505" ind1="0" ind2=" ">
    <subfield code="a">La instalaci&#xF3;n "Shalechel". p. 52</subfield>
  </datafield>
  <datafield tag="505" ind1="0" ind2=" ">
    <subfield code="a">Distribuci&#xF3;n del espacio. p. 52</subfield>
  </datafield>
  <datafield tag="505" ind1="0" ind2=" ">
    <subfield code="a">Patio con cubierta de vidrio - Enramada. p. 55</subfield>
  </datafield>
  <datafield tag="505" ind1="0" ind2=" ">
    <subfield code="a">La Academia del Museo Jud&#xED;o. p. 56</subfield>
  </datafield>
  <datafield tag="505" ind1="0" ind2=" ">
    <subfield code="t">La exposici&#xF3;n permanente: dos milenios de historia jud&#xED;o-alemana. p. 62</subfield>
  </datafield>
  <datafield tag="505" ind1="0" ind2=" ">
    <subfield code="a">El mundo de Askenaz (950-1500). p. 63</subfield>
  </datafield>
  <datafield tag="505" ind1="0" ind2=" ">
    <subfield code="a">La ciudad, el campo, la corte (1500-1800). p. 66</subfield>
  </datafield>
  <datafield tag="505" ind1="0" ind2=" ">
    <subfield code="a">Moses Mendelssohn y la ilustraci&#xF3;n (1750-1800). p. 68</subfield>
  </datafield>
  <datafield tag="505" ind1="0" ind2=" ">
    <subfield code="a">Tradicion y cambio /p.70</subfield>
  </datafield>
  <datafield tag="505" ind1="0" ind2=" ">
    <subfield code="a">La vida familiar /1850-1933). p. 72</subfield>
  </datafield>
  <datafield tag="505" ind1="0" ind2=" ">
    <subfield code="a">Alemanes y jud&#xED;os a la vez (1800-1914). p. 73</subfield>
  </datafield>
  <datafield tag="505" ind1="0" ind2=" ">
    <subfield code="a">Juda&#xED;smo moderno (1800-1933). p. 75</subfield>
  </datafield>
  <datafield tag="505" ind1="0" ind2=" ">
    <subfield code="a">Berl&#xED;n, Berl&#xED;n (1890-1933). p. 78</subfield>
  </datafield>
  <datafield tag="505" ind1="0" ind2=" ">
    <subfield code="a">Este y Oeste (1900-1933). p. 79</subfield>
  </datafield>
  <datafield tag="505" ind1="0" ind2=" ">
    <subfield code="a">Igualdad en peligro (1914-1933). p. 82</subfield>
  </datafield>
  <datafield tag="505" ind1="0" ind2=" ">
    <subfield code="a">Nacionalsocialismo (1933-1945). p. 82</subfield>
  </datafield>
  <datafield tag="505" ind1="0" ind2=" ">
    <subfield code="a">El presente (1945 hasta hoy). p. 86</subfield>
  </datafield>
  <datafield tag="505" ind1="0" ind2=" ">
    <subfield code="a">Rafael Roth Learning Center &amp; Gallery of the Missing. p. 88</subfield>
  </datafield>
  <datafield tag="505" ind1="0" ind2=" ">
    <subfield code="t">Ap&#xE9;ndice. p. 92</subfield>
  </datafield>
  <datafield tag="505" ind1="0" ind2=" ">
    <subfield code="a">Daniel Libeskind: vida y obra. p. 92</subfield>
  </datafield>
  <datafield tag="505" ind1="0" ind2=" ">
    <subfield code="a">El Museo Jud&#xED;o de Berl&#xED;n. p.94</subfield>
  </datafield>
  <datafield tag="505" ind1="0" ind2=" ">
    <subfield code="a">Literatura complementaria. p.94</subfield>
  </datafield>
  <datafield tag="520" ind1="3" ind2=" ">
    <subfield code="a">El libro describe, El Museo Jud&#xED;o de Berl&#xED;n dise&#xF1;ado por el arquitecto polaco Daniel Libeskind. Libeskind, quien plasmo en el edificio tres ideas clave: reconocer la contribuci&#xF3;n de los jud&#xED;os de Berl&#xED;n, investigar el significado del Holocausto en la memoria de Berl&#xED;n, y representar los vac&#xED;os dejados por las muertes de jud&#xED;os. Libeskind uso varias alegor&#xED;as arquitect&#xF3;nicas como lineas quebradas, vac&#xED;os y puentes para representar estos conceptos y honrar a jud&#xED;os deportados</subfield>
  </datafield>
  <datafield tag="600" ind1=" " ind2="0">
    <subfield code="9">5317</subfield>
    <subfield code="a">Libeskind, Daniel, </subfield>
    <subfield code="d">1946-.</subfield>
  </datafield>
  <datafield tag="650" ind1=" " ind2="4">
    <subfield code="a">Arquitectura</subfield>
  </datafield>
  <datafield tag="650" ind1=" " ind2="4">
    <subfield code="a">Museos</subfield>
    <subfield code="x">Historia</subfield>
  </datafield>
  <datafield tag="653" ind1=" " ind2=" ">
    <subfield code="a">Pueblo Judio (Alemania)</subfield>
  </datafield>
  <datafield tag="700" ind1="1" ind2=" ">
    <subfield code="a">Schneider, Gunter</subfield>
    <subfield code="9">27501</subfield>
  </datafield>
  <datafield tag="908" ind1=" " ind2=" ">
    <subfield code="a">Imp</subfield>
  </datafield>
  <datafield tag="930" ind1=" " ind2=" ">
    <subfield code="e">12260</subfield>
  </datafield>
  <datafield tag="942" ind1=" " ind2=" ">
    <subfield code="2">udc</subfield>
    <subfield code="c">LIB</subfield>
  </datafield>
  <datafield tag="945" ind1=" " ind2=" ">
    <subfield code="d">2025-10-08</subfield>
    <subfield code="a">MIA</subfield>
  </datafield>
  <datafield tag="980" ind1=" " ind2=" ">
    <subfield code="6">1</subfield>
    <subfield code="a">Maricel Allasia</subfield>
    <subfield code="8">5</subfield>
    <subfield code="g">Mar&#xED;a Machado</subfield>
  </datafield>
  <datafield tag="999" ind1=" " ind2=" ">
    <subfield code="c">12164</subfield>
    <subfield code="d">12164</subfield>
  </datafield>
  <datafield tag="952" ind1=" " ind2=" ">
    <subfield code="0">0</subfield>
    <subfield code="1">0</subfield>
    <subfield code="2">cdu</subfield>
    <subfield code="4">0</subfield>
    <subfield code="5">0</subfield>
    <subfield code="7">0</subfield>
    <subfield code="a">AR-RoUNA</subfield>
    <subfield code="b">AR-RoUNA</subfield>
    <subfield code="c">Sala</subfield>
    <subfield code="d">2025-10-08</subfield>
    <subfield code="e">Don</subfield>
    <subfield code="l">0</subfield>
    <subfield code="o">72.036  B414</subfield>
    <subfield code="p">18400</subfield>
    <subfield code="t">ej. 1</subfield>
    <subfield code="y">LIB</subfield>
    <subfield code="x"></subfield>
  </datafield>
</record>
